Infinite Abelian groups /
Guardado en:
| Autor Principal: | |
|---|---|
| Formato: | Libro |
| Idioma: | English |
| Publicado: |
Ann Arbor :
The University of Michigan Press,
c1954.
|
| Etiquetas: |
Agregar Etiqueta
Sin Etiquetas, Sea el primero en etiquetar este registro!
|
| LEADER | 00462nam a22001455a 4500 | ||
|---|---|---|---|
| 001 | MAT.inmabb000894 | ||
| 008 | 031119s1954####miu###########001#0#eng#d | ||
| 005 | 20170808185443.0 | ||
| 245 | 1 | 0 | |a Infinite Abelian groups / |c by Irving Kaplansky. |
| 260 | |a Ann Arbor : |b The University of Michigan Press, |c c1954. | ||
| 300 | |a v, 91 p. ; |c 23 cm. | ||
| 510 | 4 | |a MR, |c 16,444g | |
| 100 | 1 | |a Kaplansky, Irving, |d 1917-2006. | |
| 084 | |a 20Kxx |2 msc2000 | ||
| 859 | |h 20 |i K17 |p A-734 |b BIB. MATEMATICA | ||
